000 00393nam a22001577a 4500
003 MPLRDC
005 20220104143141.0
008 210129b ||||| |||| 00| 0 eng d
082 _a494.8 AUS c.2
100 _aBRUCE AUSTIN
245 _a生命在握
_c徐木兰译
260 _a
_b现代工商出版社
_c1984
300 _b
650 _a管理资讯系统
942 _cBK
_o494.8 AUS c.2
999 _c37125
_d37115